000 00565nam a2200145Ia 4500
008 100122s9999 xx 000 0 und d
082 _b66560
_a154
100 _aडबीर दीपा
245 _aबुध्दिमत्ता आणि सर्जनशीलता
260 _bश्रीमंगेश प्रकाशन
_c2002
300 _a107
630 _aबुध्दिमत्ता आणि सर्जनशीलता
730 _aबुध्दिमत्ता आणि सर्जनशीलता
942 _cBOOK
999 _c439042
_d439039